Don José Joaquín Fernández de Lizardi, el pensador mexicano / (Record no. 154593)

MARC details
000 -LEADER
campo de control de longitud fija 00718nam a2200169 i 4500
001 - NÚMERO DE CONTROL
campo de control 154593
003 - IDENTIFICADOR DE NÚMERO DE CONTROL
campo de control ES-MaACL
005 - FECHA Y HORA DE LA ÚLTIMA TRANSACCIÓN
campo de control 20230906205805.0
008 - DATOS DE LONGITUD FIJA--INFORMACIÓN GENERAL
campo de control de longitud fija 000218s1888 mx a |||| | spa d
040 ## - FUENTE DE CATALOGACIÓN
Centro catalogador/agencia de origen CAM
Lengua de catalogación spa
Centro/agencia transcriptor CAM
100 1# - ENTRADA PRINCIPAL--NOMBRE DE PERSONA
Nombre de persona González Obregón, Luis.
9 (RLIN) 58844
245 10 - MENCIÓN DEL TÍTULO
Título Don José Joaquín Fernández de Lizardi, el pensador mexicano /
Mención de responsabilidad, etc. apuntes biográficos y bibliográficos por Luis González Obregon.
260 ## - PUBLICACIÓN, DISTRIBUCIÓN, ETC.
Lugar de publicación, distribución, etc. México :
Nombre del editor, distribuidor, etc. oficina tip. de la secretaría de Fomento,
Fecha de publicación, distribución, etc. 1888.
300 ## - DESCRIPCIÓN FÍSICA
Extensión XII, 91 p., [1] h. de lám. ;
Dimensiones 23 cm.
600 14 - PUNTO DE ACCESO ADICIONAL DE MATERIA--NOMBRE DE PERSONA
Nombre de persona Fernández de Lizardi, José Joaquín.
9 (RLIN) 49684
852 ## - LOCALIZACIÓN
Ubicación ES-MaACL
Número de control de estantería 1571-F-7
Nota libre -- Rúst.
-- -- An. ms.: ded. de Pedro González-Blanco al Ateneo de Madrid
Holdings
Estatus retirado Estado de pérdida Estado de daño No para préstamo Colección Biblioteca de origen Biblioteca actual Ubicación en estantería Fecha de adquisición Total de préstamos Signatura topográfica completa Código de barras Visto por última vez Precio de reemplazo Tipo de ítem Koha
        Colección de folletos Biblioteca del Ateneo de Madrid Biblioteca del Ateneo de Madrid Depósito folletos 17/01/2008   1571-F-7 1161687 23/02/2023 23/02/2023 Folleto